Al-Kindi, the philosopher of the Arabs / (Record no. 23696)
[ view plain ]
| 000 -LEADER | |
|---|---|
| fixed length control field | 01059cam a22002651 4500 |
| 001 - CONTROL NUMBER | |
| control field | 2653103 |
| 003 - CONTROL NUMBER IDENTIFIER | |
| control field | BDDh-ASL |
| 005 - DATE AND TIME OF LATEST TRANSACTION | |
| control field | 20231015030256.0 |
| 008 - FIXED-LENGTH DATA ELEMENTS--GENERAL INFORMATION | |
| fixed length control field | 700217s1966 pk b 000 0 eng |
| 010 ## - LIBRARY OF CONGRESS CONTROL NUMBER | |
| LC control number | 70000877 |
| 040 ## - CATALOGING SOURCE | |
| Original cataloging agency | DLC |
| Transcribing agency | DLC |
| Modifying agency | DLC |
| -- | BDDh-ASL |
| 041 0# - LANGUAGE CODE | |
| Language code of text/sound track or separate title | engara |
| 050 00 - LIBRARY OF CONGRESS CALL NUMBER | |
| Classification number | B753.K54 |
| Item number | A87 |
| 082 00 - DEWEY DECIMAL CLASSIFICATION NUMBER | |
| Classification number | 921.181 |
| Item number | ATA |
| 245 03 - TITLE STATEMENT | |
| Title | Al-Kindi, the philosopher of the Arabs / |
| 260 ## - PUBLICATION, DISTRIBUTION, ETC. | |
| Place of publication, distribution, etc. | Rawalpindi : |
| Name of publisher, distributor, etc. | Islamic Research Institute, |
| Date of publication, distribution, etc. | 1966. |
| 300 ## - PHYSICAL DESCRIPTION | |
| Extent | xvi, 272 p. : |
| Dimensions | 22 cm. |
| 490 1# - SERIES STATEMENT | |
| Series statement | Publications of the Islamic Research Institute (Pakistan) Publication no. 6 |
| 500 ## - GENERAL NOTE | |
| General note | Appendices (p. [148]-257):--1. The works of al-Kindī. [Notes in English; titles in English and Arabic]--2. On the intellect.--3. Sayings of al-Kindī: Arabic text. English translation, by A. S. Bazmee Ansari. |
| 504 ## - BIBLIOGRAPHY, ETC. NOTE | |
| Bibliography, etc. note | Bibliography: p. [258]-268. |
| 600 00 - SUBJECT ADDED ENTRY--PERSONAL NAME | |
| Personal name | Kindī, |
| Dates associated with a name | -approximately 873. |
| 830 #0 - SERIES ADDED ENTRY--UNIFORM TITLE | |
| Uniform title | Publication (Islamic Research Institute (Pakistan)) ; |
| Volume/sequential designation | no. 6. |
| 906 ## - LOCAL DATA ELEMENT F, LDF (RLIN) | |
| a | 7 |
| b | cbc |
| c | orignew |
| d | u |
| e | ncip |
| f | 19 |
| g | y-gencatlg |
| 942 ## - ADDED ENTRY ELEMENTS (KOHA) | |
| Source of classification or shelving scheme | Dewey Decimal Classification |
| Koha item type | Books |
| Withdrawn status | Lost status | Source of classification or shelving scheme | Damaged status | Not for loan | Collection code | Home library | Current library | Shelving location | Date acquired | Source of acquisition | Total Checkouts | Full call number | Barcode | Date last seen | Copy number | Price effective from | Koha item type | Public note |
|---|---|---|---|---|---|---|---|---|---|---|---|---|---|---|---|---|---|---|
| Dewey Decimal Classification | Non-fiction | Asiatic Society Library | Asiatic Society Library | General Stacks | 04/02/2021 | ASB Library Collections | 921.181 ATA | 108202 | 04/02/2021 | C-1 | 04/02/2021 | Books | RARE |